000 00627nam a2200229Ia 4500
003 OSt
005 20221007071114.0
006 a|||||r|||| 00| 0
007 ta
008 221006b |||||||| |||| 00| 0 eng d
024 _a19,676
037 _cTextual
040 _aFLL
_cFLL
_beng
041 _2eng
_aeng
082 _aZ1,922, L2
100 _aThirlway H.W.A. Au.
_9688142
245 0 _aInternational customary law and codification
260 _aLeiden
_bA.W. sijthoff Netherland
_c1972
300 _a158p
_ccm.
942 _hZ1,922, L2
_cTEXL
_2CC
999 _c1142470
_d1142470